Dvě tváře konkurence

Stará tvár konkurencie - "big business" a Taylorizmus. Úkolové, alebo vedecké riadenie podľa F. W. Taylora. Zavedenie úzkeho vrcholového vedenia Alfredom Sloanom, riaditeľom General Motors. Riadenie podniku podľa Petra F. Druckera. Nové poslanie konkurencie podľa Josepha A. Schumpetera - nie len zle...

Ausführliche Beschreibung

Gespeichert in:
Bibliographische Detailangaben
1. Verfasser: Jirásek, Jaroslav A.
Format: Buchkapitel
Sprache:Tschechisch
Schlagworte:
Tags: Tag hinzufügen
Keine Tags, Fügen Sie das erste Tag hinzu!

MARC

LEADER 00000naa$a2200000$$$4500
001 0060097
005 20231128135323.5
041 0 |a cze 
044 |a CZ 
245 1 0 |a Dvě tváře konkurence  |c Jaroslav A. Jirásek 
520 |a Stará tvár konkurencie - "big business" a Taylorizmus. Úkolové, alebo vedecké riadenie podľa F. W. Taylora. Zavedenie úzkeho vrcholového vedenia Alfredom Sloanom, riaditeľom General Motors. Riadenie podniku podľa Petra F. Druckera. Nové poslanie konkurencie podľa Josepha A. Schumpetera - nie len zlepšovanie organizácie podniku ale aj zmena. Japonský prínos. Podniky v národných pomeroch. 
610 2 0 |a konkurencia 
610 2 0 |a trh 
610 2 0 |a podnik 
610 2 0 |a manažment 
610 2 0 |a riadenie podnikové 
610 2 0 |a podnikanie 
610 2 0 |a zmeny technologické 
610 2 0 |a zmeny organizačné 
610 2 0 |a kvalita 
100 1 |a Jirásek, Jaroslav A.